01889nam a2200409 a 4500001001200000003000800012006001900020007001500039008004100054010001700095020003800112020003500150020002700185040002100212035002100233043001200254050002400266082001700290100002300307245013000330260005800460300003100518504006400549505020600613533015200819650005100971650006501022650005801087650004501145651003201190651004801222655002901270700002001299710001701319856012601336999001701462ebr10639519CaPaEBRm u cr cn|||||||||061128s2007 nmuab sb s001 0 eng d z 2006037835 z9780826341761 (pbk. : alk. paper) z0826341764 (pbk. : alk. paper) z9780826341778 (e-book) aCaPaEBRcCaPaEBR a(OCoLC)171252733 an-us-az14aF819.T6bM66 2007eb04a979.1/532221 aMonahan, Sherry A.10aTombstone's treasureh[electronic resource] :bsilver mines and golden saloons /cSherry Monahan ; foreword by Bob Boze Bell. aAlbuquerque :bUniversity of New Mexico Press,c2007. axvi, 199 p. :bill., maps. aIncludes bibliographical references (p. 179-185) and index.0 aSettin' up camp : Tombstone's discovery and its silver mines -- A hearty welcome : Tombstone's saloons -- Drunk, disorderly, and just plain offensive -- Idling around town : entertainment in Tombstone. aElectronic reproduction.bPalo Alto, Calif. :cebrary,d2013.nAvailable via World Wide Web.nAccess may be limited to ebrary affiliated libraries. 0aFrontier and pioneer lifezArizonazTombstone. 0aBars (Drinking establishments)zArizonazTombstonexHistory. 0aSilver mines and miningzArizonazTombstonexHistory. 0aAmusementszArizonazTombstonexHistory. 0aTombstone (Ariz.)xHistory. 0aTombstone (Ariz.)xSocial life and customs. 7aElectronic books.2local1 aBell, Bob Boze.2 aebrary, Inc.40uhttp://site.ebrary.com/lib/rucke/Doc?id=10639519zAn electronic book accessible through the World Wide Web; click to view c48753d48753